Vista normal
Vista MARC
Entrada Nombre personal
Número de registros utilizados en: 1
001 - CONTROL NUMBER
- control field: 42349
003 - CONTROL NUMBER IDENTIFIER
- control field: OSt
005 - DATE AND TIME OF LATEST TRANSACTION
- control field: 20201025091651.0
008 - FIXED-LENGTH DATA ELEMENTS
- fixed length control field: 201025|| aca||aabn | a|a d
040 ## - CATALOGING SOURCE
- Original cataloging agency: OSt
- Transcribing agency: OSt
100 ## - HEADING--PERSONAL NAME
- Personal name: Moreno Ramirez, Carlos Mauricio
670 ## - SOURCE DATA FOUND
- Source citation: Work cat.: (OSt): Moreno Ramirez, Carlos Mauricio, Asistencia tecnica administrativa en planeacion y proyectos de inversion municipio de La Palma, 1996.

